000 00396nam a2200145Ia 4500
008 220216s9999 xx 000 0 und d
100 _aPathiratna L S S
245 0 _aCinnamon for intercropping under rubber
260 _bBulletin of the Rubber Research Institute of Sri Lanka
_c2006
300 _a17-23
650 _aCinnamon
650 _aIntercropping
650 _aSri Lanka
942 _cJS
999 _c55604
_d55604